[Event "Djerba op-A"]
[Site "Djerba"]
[Date "2025.02.21"]
[Round "6"]
[White "Rene, Benoit"]
[Black "Chelly, Yahya"]
[Result "1-0"]
[WhiteElo "2108"]
[BlackElo "2106"]
[PlyCount "121"]
[EventDate "2025.02.16"]
[EventType "swiss"]
[EventRounds "9"]
[EventCountry "TUN"]
[SourceTitle "CB09_2025"]
[SourceDate "2025.02.27"]
[SourceVersion "1"]
[SourceVersionDate "2025.02.27"]
[SourceQuality "1"]

1. g3 d5 2. Nf3 Nf6 3. Bg2 e6 4. 0-0 c5 5. d3 Nc6 6. Nbd2 Be7 7. e4 b5 8. Re1 Bb7 9. a3 d4 10. e5 Nd5 11. Ne4 h6 12. c4 bxc4 13. dxc4 Nb6 14. b3 Qc7 15. Bf4 Nc8 16. h4 a5 17. Rb1 Rb8 18. Qd2 Ba6 19. Bf1 Qd8 20. Bd3 Nb6 21. h5 Rb7 22. Qe2 Nc8 23. Kg2 Qd7 24. Rh1 Nb6 25. g4 a4 26. bxa4 Na5 27. Rb5 Bxb5 28. axb5 Nc8 29. Rb1 Qc7 30. Nfd2 Qb8 31. Nb3 Nxb3 32. Rxb3 Qa8 33. Qa2 Qa4 34. Nd2 Nb6 35. Rb1 Ra7 36. Ra1 Bg5 37. Bxg5 hxg5 38. Bc2 Qa5 39. Ne4 Ke7 40. Nxc5 Rc8 41. Nb3 Qc3 42. Be4 d3 43. c5 Nc4 44. Rc1 Qxe5 45. Rxc4 Rd7 46. Qd2 g6 47. Bc6 Rdd8 48. Re4 Qf6 49. Na5 gxh5 50. Nb7 Rd4 51. Rxd4 Qxd4 52. Qxg5+ Kf8 53. Nd6 d2 54. Bf3 hxg4 55. Bxg4 Qxc5 56. Qh6+ Kg8 57. Nxc8 Qxc8 58. Qg5+ Kf8 59. Qxd2 Qb7+ 60. Bf3 Qxb5 61. Qb4+ 1-0

[Event "Djerba Blitz op"]
[Site "Djerba"]
[Date "2025.02.19"]
[Round "6"]
[White "Rene, Benoit"]
[Black "El Kadi, Ismael"]
[Result "1-0"]
[WhiteElo "2108"]
[BlackElo "1852"]
[PlyCount "43"]
[EventDate "2025.02.19"]
[EventType "swiss (blitz)"]
[EventRounds "9"]
[EventCountry "TUN"]
[SourceTitle "CB09_2025"]
[SourceDate "2025.02.27"]
[SourceVersion "1"]
[SourceVersionDate "2025.02.27"]
[SourceQuality "1"]

1. g3 g6 2. Bg2 Bg7 3. e4 d6 4. d4 Nf6 5. Nc3 a6 6. Nge2 Nbd7 7. 0-0 0-0 8. h3 c5 9. dxc5 Nxc5 10. Be3 Qc7 11. Qd2 Rd8 12. Rfd1 Nfd7 13. Nd5 Qb8 14. Nxe7+ Kh8 15. Bd4 Ne5 16. Bxc5 Bxh3 17. Bxd6 Qa7 18. Qf4 Ng4 19. Bxh3 Rxd6 20. Bxg4 Rf6 21. Qe3 Qb8 22. Nd5 1-0

[Event "Djerba Blitz op"]
[Site "Djerba"]
[Date "2025.02.19"]
[Round "9"]
[White "Rene, Benoit"]
[Black "Sazlik, Mucahit"]
[Result "0-1"]
[WhiteElo "2108"]
[BlackElo "1672"]
[PlyCount "53"]
[EventDate "2025.02.19"]
[EventType "swiss (blitz)"]
[EventRounds "9"]
[EventCountry "TUN"]
[SourceTitle "CB09_2025"]
[SourceDate "2025.02.27"]
[SourceVersion "1"]
[SourceVersionDate "2025.02.27"]
[SourceQuality "1"]

1. e4 e6 2. d3 d5 3. Nd2 c5 4. Ngf3 Nc6 5. g3 Bd6 6. Bg2 d4 7. 0-0 e5 8. a3 Nf6 9. Ne1 0-0 10. f4 Bg4 11. Ndf3 exf4 12. gxf4 Bc7 13. Qe2 Nh5 14. h3 Bd7 15. e5 Ng3 16. Qf2 Nxf1 17. Kxf1 Ne7 18. Ng5 Nf5 19. Nef3 h6 20. Ne4 Bc6 21. Nxc5 Bb6 22. b4 Bxc5 23. bxc5 b6 24. cxb6 Qxb6 25. Kg1 Ne3 26. Bxe3 dxe3 27. Qg3 0-1

[Event "BEL-chT 1617"]
[Site "Belgium"]
[Date "2017.01.29"]
[Round "6.7"]
[White "Rene, Benoit"]
[Black "Maas, Thomas"]
[Result "1-0"]
[WhiteElo "2191"]
[BlackElo "2094"]
[PlyCount "65"]
[EventDate "2016.10.02"]
[EventType "team-tourn"]
[EventRounds "11"]
[EventCountry "BEL"]
[SourceTitle "EXT 2018"]
[Source "ChessBase"]
[SourceDate "2017.10.13"]
[SourceVersion "1"]
[SourceVersionDate "2017.10.13"]
[SourceQuality "1"]
[WhiteTeam "Wachtebeke"]
[BlackTeam "Borgerhout"]
[WhiteTeamCountry "BEL"]
[BlackTeamCountry "BEL"]

1. Nf3 Nf6 2. g3 b6 3. Bg2 Bb7 4. 0-0 e6 5. d3 d5 6. Nbd2 Be7 7. e4 0-0 8. e5 Nfd7 9. Re1 c5 10. h4 Nc6 11. Nf1 b5 12. N1h2 Qb6 13. Bf4 Rac8 14. c3 Rfd8 15. Ng5 d4 16. Qh5 Bxg5 17. Bxg5 Re8 18. Bf6 gxf6 19. exf6 Nxf6 20. Qg5+ Kf8 21. Qxf6 dxc3 22. bxc3 Ne7 23. Bxb7 Qxb7 24. Rxe6 Ng8 25. Rxe8+ Rxe8 26. Qf5 Qc6 27. Ng4 Qd6 28. Qxh7 Re2 29. Qf5 Ne7 30. Qf3 Rd2 31. Rd1 Rxa2 32. Nf6 b4 33. Qa8+ 1-0

[Event "FRA-ch blitz"]
[Site "Paris"]
[Date "2014.??.??"]
[Round "7"]
[White "Rene, Benoit"]
[Black "Shchekachev, Andrei"]
[Result "0-1"]
[WhiteElo "2268"]
[BlackElo "2515"]
[PlyCount "90"]
[EventDate "2014.03.15"]
[EventType "swiss (blitz)"]
[EventRounds "9"]
[EventCountry "FRA"]
[SourceTitle "EXT 2015"]
[Source "ChessBase"]
[SourceDate "2014.11.20"]
[SourceVersion "1"]
[SourceVersionDate "2014.11.20"]
[SourceQuality "1"]

1. c4 g6 2. Nc3 c5 3. g3 Bg7 4. Bg2 Nc6 5. e4 Nf6 6. Nge2 0-0 7. 0-0 Ne8 8. a3 Nc7 9. Rb1 a5 10. d3 d6 11. Nd5 Rb8 12. Nxc7 Qxc7 13. Be3 Bg4 14. h3 Bxe2 15. Qxe2 a4 16. b3 axb3 17. Rxb3 Ra8 18. Rfb1 Ra7 19. Qd1 Rfa8 20. Bc1 Bd4 21. Qc2 e6 22. Kh1 Bg7 23. Qd1 Rb8 24. f4 b6 25. Be3 Ra6 26. Qf3 Nd4 27. Bxd4 Bxd4 28. f5 Be5 29. Rf1 Rba8 30. h4 Qe7 31. Bh3 Kh8 32. h5 gxf5 33. exf5 Rg8 34. Rg1 Bd4 35. Re1 Be5 36. Rg1 Rg5 37. fxe6 fxe6 38. Rbb1 Rg8 39. Rb3 Raa8 40. Rxb6 Raf8 41. Rb7 Qg5 42. Rf7 Rxf7 43. Qxf7 Bxg3 44. Qf3 Qh4 45. Rg2 Qxh3+ 0-1

[Event "Le Port Marly Paribas blitz op"]
[Site "Le Port Marly"]
[Date "2013.06.15"]
[Round "3"]
[White "Bonnaud, Remy"]
[Black "Rene, Benoit"]
[Result "1/2-1/2"]
[WhiteElo "2230"]
[BlackElo "2430"]
[PlyCount "101"]
[EventDate "2013.06.15"]
[EventType "swiss (blitz)"]
[EventRounds "15"]
[EventCountry "FRA"]
[SourceTitle "EXT 2014"]
[Source "ChessBase"]
[SourceDate "2013.11.20"]
[SourceVersion "1"]
[SourceVersionDate "2013.11.20"]
[SourceQuality "1"]

1. e4 g6 2. d4 Bg7 3. Bc4 d6 4. Qf3 e6 5. c3 a6 6. h4 h5 7. Bg5 Bf6 8. Nh3 Nc6 9. Nd2 b5 10. e5 bxc4 11. Qxc6+ Bd7 12. Qxc4 dxe5 13. dxe5 Bxg5 14. Nxg5 Bb5 15. Qf4 Nh6 16. 0-0-0 Qe7 17. Nde4 0-0 18. Nf6+ Kg7 19. f3 Rad8 20. g4 hxg4 21. fxg4 Rxd1+ 22. Rxd1 Rd8 23. Rd4 c5 24. Rd2 Rxd2 25. Qxd2 Qb7 26. h5 Qh1+ 27. Kc2 Qa1 28. hxg6 Qxa2 29. gxf7 Qa4+ 30. Kc1 Qa1+ 31. Kc2 Qa4+ 32. Kb1 Nxf7 33. Nxe6+ Kg6 34. Qc2+ Qxc2+ 35. Kxc2 Nxe5 36. Ne4 Bd3+ 37. Kd2 Bxe4 38. Nxc5 a5 39. Nxe4 Nxg4 40. b4 axb4 41. cxb4 Ne5 42. Kc3 Kf5 43. Nd6+ Ke6 44. Nc4 Nd7 45. b5 Kd5 46. Kb4 Nc5 47. Nb6+ Kd6 48. Nc4+ Kd5 49. Ne3+ Kd4 50. Nf5+ Kd5 51. Ne7+ 1/2-1/2

[Event "Le Port Marly Paribas blitz op"]
[Site "Le Port Marly"]
[Date "2013.06.15"]
[Round "7"]
[White "Delaunay, Sebastien"]
[Black "Rene, Benoit"]
[Result "0-1"]
[WhiteElo "2420"]
[BlackElo "2430"]
[PlyCount "89"]
[EventDate "2013.06.15"]
[EventType "swiss (blitz)"]
[EventRounds "15"]
[EventCountry "FRA"]
[SourceTitle "EXT 2014"]
[Source "ChessBase"]
[SourceDate "2013.11.20"]
[SourceVersion "1"]
[SourceVersionDate "2013.11.20"]
[SourceQuality "1"]

1. Nf3 g6 2. g3 Bg7 3. Bg2 c5 4. c4 Nc6 5. 0-0 e5 6. Nc3 Nge7 7. d3 0-0 8. Ne1 d6 9. Nc2 Bg4 10. Ne3 Be6 11. Ned5 Qd7 12. Re1 Bh3 13. Bh1 Nxd5 14. Nxd5 Ne7 15. Nxe7+ Qxe7 16. Rb1 Rad8 17. b4 b6 18. Qa4 Be6 19. Bd2 f5 20. e3 g5 21. Qc6 Rc8 22. Qb7 Rc7 23. Qa6 Kh8 24. a4 f4 25. exf4 gxf4 26. a5 bxa5 27. bxc5 dxc5 28. Bxa5 Rd7 29. Be4 Qf7 30. Rb2 Bh3 31. f3 Bf5 32. Qc6 Bxe4 33. Qxe4 fxg3 34. hxg3 Qxf3 35. Rh2 Qxe4 36. dxe4 Rd4 37. Rc2 Rf3 38. Kg2 Ra3 39. Bc7 Ra4 40. Rb1 h6 41. Rb8+ Kh7 42. Rb7 Kg6 43. Rf2 Rxe4 44. Bd6 Ra6 45. Bxc5 0-1

[Event "Le Port Marly Paribas blitz op"]
[Site "Le Port Marly"]
[Date "2013.06.15"]
[Round "12"]
[White "Rene, Benoit"]
[Black "Devallee, Jeremie"]
[Result "1/2-1/2"]
[WhiteElo "2430"]
[BlackElo "2190"]
[PlyCount "120"]
[EventDate "2013.06.15"]
[EventType "swiss (blitz)"]
[EventRounds "15"]
[EventCountry "FRA"]
[SourceTitle "EXT 2014"]
[Source "ChessBase"]
[SourceDate "2013.11.20"]
[SourceVersion "1"]
[SourceVersionDate "2013.11.20"]
[SourceQuality "1"]

1. g3 d5 2. Bg2 e5 3. c4 Nf6 4. cxd5 c6 5. dxc6 Nxc6 6. d3 Bc5 7. a3 0-0 8. Nc3 Be6 9. Nf3 h6 10. 0-0 Rc8 11. b4 Bb6 12. Bb2 a6 13. Na4 Bc7 14. Nc5 Bd5 15. Nxb7 Qe7 16. e4 Be6 17. Nc5 Bg4 18. Qa4 Bb6 19. Rac1 Rfd8 20. Nxa6 Qa7 21. b5 Nd4 22. Bxd4 exd4 23. Ne5 Re8 24. Rxc8 Rxc8 25. Nc6 Qd7 26. Qb4 Be2 27. Ne7+ Kh7 28. Nxc8 Qxc8 29. e5 Bxf1 30. Bxf1 Nd5 31. Qd6 Qe6 32. Qxe6 fxe6 33. Bh3 Nc3 34. Bxe6 Nxb5 35. a4 Nc3 36. Nb4 Nxa4 37. Nd5 Bc5 38. h4 g6 39. g4 Kg7 40. h5 g5 41. Bf5 Nc3 42. Nc7 Bb6 43. Ne6+ Kf7 44. f4 Ne2+ 45. Kf2 Nxf4 46. Nxf4 gxf4 47. Kf3 Bc7 48. Kxf4 Kg7 49. Ke4 Kf7 50. Kxd4 Bb6+ 51. Ke4 Bc7 52. d4 Ke7 53. d5 Bb6 54. d6+ Kd8 55. e6 Bc5 56. Bg6 Bxd6 57. Kf5 Ke7 58. g5 hxg5 59. Kxg5 Kxe6 60. h6 Be5 1/2-1/2

[Event "Le Port Marly Paribas blitz op"]
[Site "Le Port Marly"]
[Date "2013.06.15"]
[Round "6"]
[White "Rene, Benoit"]
[Black "Varoquier, Romain"]
[Result "0-1"]
[WhiteElo "2430"]
[BlackElo "2310"]
[PlyCount "122"]
[EventDate "2013.06.15"]
[EventType "swiss (blitz)"]
[EventRounds "15"]
[EventCountry "FRA"]
[SourceTitle "EXT 2014"]
[Source "ChessBase"]
[SourceDate "2013.11.20"]
[SourceVersion "1"]
[SourceVersionDate "2013.11.20"]
[SourceQuality "1"]

1. b3 d5 2. Bb2 e6 3. Nf3 Nf6 4. g3 c5 5. Bg2 Be7 6. 0-0 0-0 7. c4 b6 8. cxd5 Nxd5 9. d4 Bb7 10. dxc5 Bxc5 11. Nbd2 Nc6 12. a3 a5 13. Qc2 Rc8 14. Qb1 Ba6 15. Re1 Be7 16. Ne4 h6 17. Qa2 Qc7 18. Rac1 Qb7 19. Rc2 Ncb4 20. axb4 Nxb4 21. Qb1 Nxc2 22. Rc1 Qxe4 23. Nd4 Qg6 24. Nxc2 Bxe2 25. Nd4 Bd3 26. Qa1 Bc5 27. Nc6 Rxc6 28. Bxc6 Rc8 29. Bg2 Be4 30. Bxe4 Qxe4 31. Bxg7 Bxf2+ 32. Kxf2 Rxc1 33. Qxc1 Kxg7 34. Qc7 Qd4+ 35. Kg2 b5 36. Qxa5 Qb2+ 37. Kh3 Qxb3 38. Qc7 Qb2 39. Qf4 b4 40. Qg4+ Kf8 41. Qf4 b3 42. Qxh6+ Ke8 43. Qf4 Qc3 44. Qb8+ Ke7 45. Qb7+ Kf6 46. Kh4 b2 47. g4 Qc2 48. g5+ Kg6 49. Qf3 b1Q 50. Qf6+ Kh7 51. g6+ Qxg6 52. Qf4 Qbe4 53. Qxe4 Qxe4+ 54. Kg3 Qf5 55. Kg2 Kg6 56. Kg3 Kg5 57. h3 Qf4+ 58. Kg2 Kh4 59. Kg1 Qd2 60. Kf1 Kg3 61. Kg1 Qg2# 0-1

[Event "Paris-ch op-B 87th"]
[Site "Paris"]
[Date "2012.07.14"]
[Round "8"]
[White "Rene, Benoit"]
[Black "Gervasio, Ricardo"]
[Result "1/2-1/2"]
[WhiteElo "2262"]
[BlackElo "2267"]
[PlyCount "51"]
[EventDate "2012.07.07"]
[EventType "swiss"]
[EventRounds "9"]
[EventCountry "FRA"]
[SourceTitle "EXT 2013"]
[Source "ChessBase"]
[SourceDate "2012.11.22"]
[SourceVersion "1"]
[SourceVersionDate "2012.11.22"]
[SourceQuality "1"]

1. g3 e5 2. c4 Bc5 3. Bg2 Nf6 4. Nc3 0-0 5. e3 Re8 6. Nge2 e4 7. 0-0 Nc6 8. d3 exd3 9. Nf4 d6 10. Nxd3 Bb6 11. Na4 Bg4 12. f3 Bf5 13. Nxb6 axb6 14. e4 Bd7 15. b3 Ne5 16. Nxe5 dxe5 17. Rf2 Qe7 18. a4 Rad8 19. Ba3 c5 20. Rd2 Bc6 21. Raa2 Nd7 22. Bh3 Nf8 23. Rxd8 Rxd8 24. Rd2 Rxd2 25. Qxd2 Qc7 26. a5 1/2-1/2

[Event "Paris-ch op-B 87th"]
[Site "Paris"]
[Date "2012.07.07"]
[Round "1"]
[White "Rene, Benoit"]
[Black "Mathieu, Romaric"]
[Result "1-0"]
[WhiteElo "2262"]
[BlackElo "1997"]
[PlyCount "45"]
[EventDate "2012.07.07"]
[EventType "swiss"]
[EventRounds "9"]
[EventCountry "FRA"]
[SourceTitle "EXT 2013"]
[Source "ChessBase"]
[SourceDate "2012.11.22"]
[SourceVersion "1"]
[SourceVersionDate "2012.11.22"]
[SourceQuality "1"]

1. g3 g6 2. Bg2 Bg7 3. e4 c5 4. d3 Nc6 5. f4 d6 6. Nf3 Nh6 7. 0-0 f5 8. c3 0-0 9. exf5 Nxf5 10. g4 Nh6 11. h3 Nf7 12. Nbd2 Rb8 13. a4 a6 14. Ne4 b6 15. Neg5 e6 16. Nxf7 Rxf7 17. Ng5 Rc7 18. f5 gxf5 19. gxf5 Ne5 20. d4 cxd4 21. cxd4 h6 22. dxe5 hxg5 23. f6 1-0

[Event "FRA-chT2 1011"]
[Site "France"]
[Date "2010.11.14"]
[Round "3.1"]
[White "Rene, Benoit"]
[Black "Petitcunot, Pierre"]
[Result "0-1"]
[WhiteElo "2292"]
[BlackElo "2403"]
[PlyCount "44"]
[EventDate "2010.10.17"]
[EventType "team-tourn"]
[EventRounds "11"]
[EventCountry "FRA"]
[SourceTitle "EXT 2012"]
[Source "ChessBase"]
[SourceDate "2011.11.24"]
[SourceVersion "1"]
[SourceVersionDate "2011.11.24"]
[SourceQuality "1"]

1. b3 e5 2. Bb2 Nc6 3. e3 Nf6 4. Bb5 Bd6 5. Na3 Na5 6. Be2 c6 7. c4 b6 8. Nc2 0-0 9. Nf3 e4 10. Ng5 Be7 11. d3 d5 12. cxd5 Qxd5 13. Nxe4 Nxe4 14. dxe4 Qxe4 15. Bf3 Qg6 16. Qe2 Nb7 17. 0-0 Nc5 18. Nb4 Bb7 19. Qc2 Qh6 20. Rfd1 Rac8 21. Nd3 Ne6 22. Ne5 Rfe8 0-1

[Event "Paris-ch op-A"]
[Site "Paris"]
[Date "2010.07.10"]
[Round "8"]
[White "Emmenecker, Philippe"]
[Black "Rene, Benoit"]
[Result "1-0"]
[WhiteElo "2169"]
[BlackElo "2299"]
[PlyCount "77"]
[EventDate "2010.07.03"]
[EventType "swiss"]
[EventRounds "9"]
[EventCountry "FRA"]
[SourceTitle "CBM 137 Extra"]
[Source "ChessBase"]
[SourceDate "2010.09.01"]
[SourceVersion "1"]
[SourceVersionDate "2010.09.01"]
[SourceQuality "1"]

1. d4 f5 2. e4 fxe4 3. Nc3 Nf6 4. Bg5 Nc6 5. d5 Ne5 6. Qd4 Nf7 7. Bxf6 exf6 8. 0-0-0 Be7 9. Qxe4 Nd6 10. Qe3 0-0 11. Nf3 a6 12. Bd3 b5 13. Rhe1 Rf7 14. h4 Bb7 15. Qf4 g6 16. h5 g5 17. Qd2 g4 18. Nd4 f5 19. f4 Qf8 20. Qf2 b4 21. Nce2 Bxd5 22. Ng3 Bh4 23. Re5 Ne4 24. Bxe4 Bxe4 25. Nde2 d6 26. Ra5 Qd8 27. Qe3 c6 28. Re5 Qc7 29. Re6 Bd5 30. Rxd5 cxd5 31. Nd4 Bxg3 32. Qxg3 Qc4 33. Nxf5 Rc8 34. Qxg4+ Kf8 35. Re2 Rd8 36. g3 Qxa2 37. Nh6 Qa1+ 38. Kd2 Rg7 39. Qf5+ 1-0

[Event "FICGS class M 000009 email"]
[Site "FICGS email"]
[Date "2007.02.07"]
[Round "1"]
[White "Rene, Benoit"]
[Black "Sammut, Ronald"]
[Result "1-0"]
[WhiteElo "2254"]
[BlackElo "2338"]
[PlyCount "115"]
[EventDate "2007.??.??"]
[EventType "tourn (corr)"]
[EventRounds "6"]
[SourceTitle "Corr 2022"]
[Source "ChessBase"]
[SourceDate "2021.10.24"]
[SourceVersion "1"]
[SourceVersionDate "2021.10.24"]
[SourceQuality "1"]

1. Nf3 Nf6 2. c4 c5 3. g3 b6 4. Bg2 Bb7 5. 0-0 g6 6. Nc3 Bg7 7. d4 cxd4 8. Qxd4 d6 9. Rd1 Nbd7 10. Be3 Rc8 11. Rac1 0-0 12. Qh4 a6 13. b3 Rc7 14. g4 h6 15. h3 g5 16. Qg3 b5 17. h4 bxc4 18. hxg5 hxg5 19. b4 Qa8 20. Bxg5 Re8 21. Bxf6 Bxf6 22. g5 Bxc3 23. Rxc3 Nf8 24. Rd4 Ng6 25. a3 a5 26. b5 Bd5 27. Nh4 Bxg2 28. Nxg2 a4 29. Nh4 Rb8 30. Nxg6 fxg6 31. Qh4 Rxb5 32. Kh2 Rb1 33. Re4 Rb3 34. Rcxc4 Rxc4 35. Rxc4 Rb1 36. f3 d5 37. Rxa4 Qb8+ 38. Kg2 Rb2 39. Kf1 Qe5 40. Ra8+ Kf7 41. Qh7+ Qg7 42. Qxg7+ Kxg7 43. Kf2 Kf7 44. f4 Ke6 45. a4 Ra2 46. a5 Kf7 47. a6 Ra4 48. e3 Ra2+ 49. Ke1 Ke6 50. a7 Kf7 51. Kd1 Kg7 52. Kc1 Kf7 53. Kb1 Ra6 54. Kb2 Kg7 55. Kb3 Kf7 56. Kb4 Ra1 57. Kc5 e6 58. Rh8 1-0

[Event "Paris-ch"]
[Site "Paris"]
[Date "2006.07.12"]
[Round "8"]
[White "Rene, Benoit"]
[Black "Launiau, Severin"]
[Result "1/2-1/2"]
[WhiteElo "2256"]
[BlackElo "2100"]
[PlyCount "47"]
[EventDate "2006.07.08"]
[EventType "swiss"]
[EventRounds "9"]
[EventCountry "FRA"]
[SourceTitle "EXT 2007"]
[Source "ChessBase"]
[SourceDate "2006.11.23"]
[SourceVersion "1"]
[SourceVersionDate "2006.11.23"]
[SourceQuality "1"]

1. Nf3 e6 2. g3 b6 3. Bg2 Bb7 4. 0-0 f5 5. d3 Nf6 6. Nbd2 Bc5 7. e4 fxe4 8. dxe4 0-0 9. Qe2 Nc6 10. e5 Nd5 11. Ne4 Nd4 12. Nxd4 Bxd4 13. Ng5 Rf5 14. Nf3 c5 15. c4 Ba6 16. Rd1 Rc8 17. Nxd4 cxd4 18. Rxd4 Qc7 19. Qd2 Bxc4 20. b3 Bb5 21. Bb2 Nc3 22. Bxc3 Qxc3 23. Qxc3 Rxc3 24. f4 1/2-1/2

[Event "FRA-chT2 0304"]
[Site "France"]
[Date "2003.10.12"]
[Round "?"]
[White "Chevaldonnet, Francois"]
[Black "Rene, Benoit"]
[Result "1/2-1/2"]
[WhiteElo "2286"]
[BlackElo "2252"]
[PlyCount "85"]
[EventDate "2003.10.??"]
[EventType "team-tourn"]
[EventRounds "11"]
[EventCountry "FRA"]
[SourceTitle "EXT 2005"]
[Source "ChessBase"]
[SourceDate "2004.11.15"]
[SourceVersion "1"]
[SourceVersionDate "2004.11.15"]
[SourceQuality "1"]

1. e4 c5 2. Nf3 d6 3. d4 cxd4 4. Nxd4 Nf6 5. Nc3 a6 6. h3 e6 7. g4 d5 8. exd5 Nxd5 9. Nde2 Bb4 10. Bg2 0-0 11. 0-0 Nxc3 12. Nxc3 Qc7 13. Ne4 Rd8 14. Qe2 Nc6 15. c3 Bf8 16. Be3 Ne7 17. c4 Bd7 18. Rfd1 Bc6 19. Bg5 Rxd1+ 20. Rxd1 Ng6 21. b3 Nf4 22. Bxf4 Qxf4 23. Ng3 Bc5 24. Bxc6 Qxg3+ 25. Bg2 Qc7 26. Qd2 a5 27. Kf1 Rf8 28. Qd7 Qf4 29. Qd2 Qc7 30. a3 Bxa3 31. Qd7 Qxd7 32. Rxd7 b6 33. Be4 g6 34. Ke2 Kg7 35. f4 Re8 36. Kd3 Bc5 37. Ke2 h6 38. Kf3 Re7 39. Rxe7 Bxe7 40. Bc6 f5 41. gxf5 exf5 42. Be8 Kf6 43. Bc6 1/2-1/2

[Event "Cannes op"]
[Site "Cannes"]
[Date "2000.02.25"]
[Round "6"]
[White "Loeffler, Markus"]
[Black "Rene, Benoit"]
[Result "0-1"]
[WhiteElo "2411"]
[BlackElo "2243"]
[PlyCount "94"]
[EventDate "2000.02.20"]
[EventType "swiss"]
[EventRounds "9"]
[EventCountry "FRA"]
[SourceTitle "EXT 2001"]
[Source "ChessBase"]
[SourceDate "2000.11.22"]
[SourceVersion "1"]
[SourceVersionDate "2000.11.22"]
[SourceQuality "1"]

1. e4 c5 2. Nf3 d6 3. d4 cxd4 4. Nxd4 Nf6 5. Nc3 a6 6. Bg5 e6 7. f4 Be7 8. Qf3 h6 9. Bh4 Qc7 10. 0-0-0 Nbd7 11. Be2 Rg8 12. f5 e5 13. Nb3 b5 14. Bxf6 Nxf6 15. Kb1 Bb7 16. h4 0-0-0 17. Nd5 Nxd5 18. exd5 Kb8 19. Qe4 Rc8 20. Rd2 Bd8 21. a4 bxa4 22. Qxa4 Qb6 23. Rh3 Ka7 24. Qe4 g6 25. Nc1 gxf5 26. Qxf5 Rc7 27. Qe4 f5 28. Qa4 Rcg7 29. Rb3 Qa5 30. Rb4 Qxa4 31. Rxa4 Rxg2 32. Rd3 R2g3 33. b4 Kb6 34. c4 e4 35. Rd1 f4 36. Bf1 Re3 37. Kc2 Bf6 38. Kd2 Bc3+ 39. Kc2 Be5 40. Kd2 Rgg3 41. Kc2 Rc3+ 42. Kb1 Ra3 43. Rxa3 Rxa3 44. Kc2 f3 45. Nb3 Ra2+ 46. Kc1 e3 47. c5+ Kc7 0-1

[Event "Cannes op"]
[Site "Cannes"]
[Date "2000.02.23"]
[Round "4"]
[White "Bonati, Charles"]
[Black "Rene, Benoit"]
[Result "0-1"]
[WhiteElo "2079"]
[BlackElo "2243"]
[PlyCount "102"]
[EventDate "2000.02.20"]
[EventType "swiss"]
[EventRounds "9"]
[EventCountry "FRA"]
[SourceTitle "EXT 2001"]
[Source "ChessBase"]
[SourceDate "2000.11.22"]
[SourceVersion "1"]
[SourceVersionDate "2000.11.22"]
[SourceQuality "1"]

1. d4 g6 2. c4 Bg7 3. e4 d6 4. Nc3 Nc6 5. d5 Nd4 6. Be3 c5 7. Nge2 Qb6 8. Na4 Qa5+ 9. Bd2 Qa6 10. Nxd4 Bxd4 11. Bd3 Nf6 12. 0-0 0-0 13. Qc2 Ng4 14. Nc3 f5 15. Nb5 Qb6 16. Nxd4 cxd4 17. exf5 Bxf5 18. Bxf5 Rxf5 19. Qb3 Qc7 20. f4 Raf8 21. Qd3 Ne3 22. Bxe3 dxe3 23. Qxe3 Qxc4 24. Qxe7 Qxd5 25. Qe3 Qc5 26. Qxc5 dxc5 27. g3 Rd5 28. Rad1 Rfd8 29. Rxd5 Rxd5 30. Kg2 Kf7 31. Kf3 Rd2 32. Rf2 Rxf2+ 33. Kxf2 Ke6 34. Ke3 Kd5 35. g4 b5 36. h4 c4 37. a3 a6 38. h5 gxh5 39. gxh5 h6 40. f5 Ke5 41. a4 bxa4 42. f6 Kxf6 43. Kd4 Kg5 44. Kxc4 Kxh5 45. Kb4 Kg5 46. Kxa4 h5 47. Ka5 h4 48. Kxa6 h3 49. b4 h2 50. b5 h1Q 51. Ka7 Qh7+ 0-1

[Event "Cannes op"]
[Site "Cannes"]
[Date "2000.02.22"]
[Round "3"]
[White "Rene, Benoit"]
[Black "Delanoy, Arnaud"]
[Result "1/2-1/2"]
[WhiteElo "2243"]
[BlackElo "2109"]
[PlyCount "33"]
[EventDate "2000.02.20"]
[EventType "swiss"]
[EventRounds "9"]
[EventCountry "FRA"]
[SourceTitle "EXT 2001"]
[Source "ChessBase"]
[SourceDate "2000.11.22"]
[SourceVersion "1"]
[SourceVersionDate "2000.11.22"]
[SourceQuality "1"]

1. e4 e5 2. Nf3 Nc6 3. Nc3 Nf6 4. Bb5 Nd4 5. Bc4 Bc5 6. Nxe5 Qe7 7. Nd3 d5 8. Nxd5 Nxd5 9. Bxd5 c6 10. Nxc5 cxd5 11. c3 Qxc5 12. cxd4 Qxd4 13. 0-0 dxe4 14. Qb3 0-0 15. Qc3 Rd8 16. b3 b6 17. Bb2 1/2-1/2

[Event "FRA-chB"]
[Site "Meribel"]
[Date "1998.??.??"]
[Round "3"]
[White "Rene, Benoit"]
[Black "Giffard, Nicolas"]
[Result "1/2-1/2"]
[WhiteElo "2250"]
[BlackElo "2395"]
[PlyCount "94"]
[EventDate "1998.08.??"]
[EventType "swiss"]
[EventRounds "10"]
[EventCountry "FRA"]
[SourceTitle "EXT 2000"]
[Source "ChessBase"]
[SourceDate "1999.11.16"]
[SourceVersion "1"]
[SourceVersionDate "1999.11.16"]
[SourceQuality "1"]

1. e4 d5 2. exd5 Qxd5 3. Nc3 Qa5 4. g3 Nf6 5. Bg2 c6 6. Nge2 e6 7. 0-0 Be7 8. a3 Qc7 9. b4 b6 10. d4 Bb7 11. Bf4 Qc8 12. Qd3 0-0 13. Ne4 Rd8 14. Rfd1 a5 15. c3 Ra7 16. h3 Nxe4 17. Bxe4 h6 18. g4 Nd7 19. Qg3 Nf6 20. Bg2 Ba6 21. Nc1 Nd5 22. bxa5 bxa5 23. Nb3 g5 24. Bd2 Bd6 25. Qf3 Bb8 26. Bf1 Bxf1 27. Kxf1 Bd6 28. c4 Qa6 29. Qe2 Nf4 30. Bxf4 gxf4 31. c5 Qxe2+ 32. Kxe2 Bc7 33. Kd3 a4 34. Nd2 e5 35. Nf3 Bb8 36. Ke4 exd4 37. Rxd4 Re7+ 38. Kd3 Red7 39. Rxd7 Rxd7+ 40. Kc4 Rd5 41. Re1 Kf8 42. Re4 Rd1 43. Nd4 Bc7 44. Nxc6 Rf1 45. Re2 f3 46. Rc2 Rh1 47. Rc3 Rxh3 1/2-1/2

[Event "Cannes op-B 18th"]
[Site "Cannes"]
[Date "1997.??.??"]
[Round "7"]
[White "Kovacevic, Blazimir"]
[Black "Rene, Benoit"]
[Result "1-0"]
[WhiteElo "2340"]
[BlackElo "2235"]
[PlyCount "85"]
[EventDate "1997.02.22"]
[EventType "swiss"]
[EventRounds "9"]
[EventCountry "FRA"]
[SourceTitle "CBM 057 Extra"]
[Source "ChessBase"]
[SourceDate "1997.05.01"]
[SourceVersion "1"]
[SourceVersionDate "1997.05.01"]
[SourceQuality "1"]

1. d4 g6 2. Nf3 Bg7 3. c4 d6 4. Nc3 e5 5. dxe5 dxe5 6. Qxd8+ Kxd8 7. Bd2 f6 8. 0-0-0 Nd7 9. h3 Nh6 10. g4 Nf7 11. Bg2 c6 12. Ne4 a5 13. Bc3 Ke7 14. Nfd2 f5 15. gxf5 gxf5 16. Ng3 Nc5 17. Nb3 Nxb3+ 18. axb3 Rg8 19. Kc2 Bh6 20. Bf3 f4 21. Ne4 Bf5 22. Kc1 b6 23. h4 Ke6 24. c5 Bg4 25. Ng5+ Rxg5 26. hxg5 Bxf3 27. exf3 Bxg5 28. Rxh7 bxc5 29. Kc2 a4 30. bxa4 Rxa4 31. Kb3 Ra8 32. Kc4 Be7 33. Rg1 Rb8 34. Rg6+ Bf6 35. Kxc5 Rc8 36. Kb6 Kf5 37. Rg1 Ng5 38. Rh5 Kg6 39. Rhh1 Kf5 40. Rh5 Kg6 41. Rgh1 Nxf3 42. Kb7 Re8 43. Kxc6 1-0